01703cam a22004097a 4500003000500000005001700005008004100022010001000063011001000073020001500083035001000098040000900108082002100117110000800138245020700146260002300353300001100376490005600387500004000443590002800483590002800511590002800539590002800567590002900595650004300624650002700667700002300694700002500717830005600742901000700798942001500805949008600820949008100906999001700987952014701004952014201151CHAP20220901160407.0971013s1989 it r 00010 eng d a68603 a69575 a9250027117 a79052 cCHAP a636.08bF3y v.70 aFAO10aSheep and goat meat production in the humid tropics of west Africa = La production de viande ovine et caprine dans les régions tropicales humides de l'Afrique de l'Ouestc/by J.M. Timon and R.P. Baber aRome :bFAO,c1989 a259 p. 0aFAO. Producción y sanidad animal. Documentov; 70 aEd. bilingüe: (francés, ingles) aBATCH-UPDb10c20130110 aBATCH-UPDb10c20130110 aBATCH-UPDb10c20130410 aBATCH-UPDb10c20130914 aCONVERSIONb10c2013010914aCarne de borregoxProducción.91912214aCarne de cabra.9191290 aBaber, R. P.992470 aTimon, J. M.9113338 0aFAO. Producción y sanidad animal. Documentov; 70 aBK cLIBRO2ddc a636.08 F3y v.70bBCcLIBROd33724002128165eFAO2fc.2gDonaciØnh75737i79052sb a636.08 F3y v.70bBCcLIBROd33724002128207eFAO1gDonaciØnh75418i79052sb c68603d68603 00102ddc4053708FAOaBCbBCcPP_FAOd2019-12-31eDonacionl0o636.08 F3y v.70p33724002128165r2019-12-31 00:00:00tc.2w2019-12-31yLIBRO 00102ddc4054708FAOaBCbBCcPP_FAOd2019-12-31eDonacionl0o636.08 F3y v.70p33724002128207r2019-12-31 00:00:00w2019-12-31yLIBRO